New gateway to environmental law (Record no. 73980)
[ view plain ]
| 000 -LEADER | |
|---|---|
| fixed length control field | 01172cam a2200205 4500 |
| 001 - CONTROL NUMBER | |
| control field | WB4001-14 |
| 008 - FIXED-LENGTH DATA ELEMENTS--GENERAL INFORMATION | |
| fixed length control field | 031219n2003 000 0 eng u |
| 035 ## - SYSTEM CONTROL NUMBER | |
| System control number | (Sirsi) u124658 |
| 245 ## - TITLE STATEMENT | |
| Title | New gateway to environmental law |
| 260 ## - PUBLICATION, DISTRIBUTION, ETC. | |
| Date of publication, distribution, etc. | 2003 |
| 490 ## - SERIES STATEMENT | |
| Series statement | RICS Environment Faculty News |
| Volume/sequential designation | 15 December 2003 (1) |
| 520 ## - SUMMARY, ETC. | |
| Summary, etc. | Access to the world's largest environmental law database is now freely available on the internet. Ecolex is based on the legal holdings of the Food and Agriculture Organisation of the United Nations, the World Conservation Union and the United Nations Environment Programme. It covers treaties, national legislation, soft law and other non-binding policy, technical guidance and judicial decisions. Ecolex is available at http://www.ecolex.org/index.php. http://www.rics.org/ricscms/bin/show?class=News&template=/includes/shownews.html&id=7830&faculty=Environment&faculty=All%20Faculties |
| 590 ## - LOCAL NOTE (RLIN) | |
| Local note | WB |
| 650 ## - SUBJECT ADDED ENTRY--TOPICAL TERM | |
| Topical term or geographic name entry element | FOOD AND AGRICULTURE ORGANISATION |
| 650 ## - SUBJECT ADDED ENTRY--TOPICAL TERM | |
| Topical term or geographic name entry element | WORLD CONSERVATION UNION |
| 650 ## - SUBJECT ADDED ENTRY--TOPICAL TERM | |
| Topical term or geographic name entry element | UNITED NATIONS ENVIRONMENT PROGRAMME |
| 650 ## - SUBJECT ADDED ENTRY--TOPICAL TERM | |
| Topical term or geographic name entry element | ENVIRONMENTAL MANAGEMENT |
| 690 ## - LOCAL SUBJECT ADDED ENTRY--TOPICAL TERM (OCLC, RLIN) | |
| Topical term or geographic name as entry element | ENVIRONMENT-ENVIRONMENTAL LAW |
| 942 ## - ADDED ENTRY ELEMENTS (KOHA) | |
| Suppress in OPAC | 0 |
| Withdrawn status | Lost status | Source of classification or shelving scheme | Damaged status | Not for loan | Home library | Current library | Shelving location | Date acquired | Total Checkouts | Full call number | Barcode | Date last seen | Copy number | Price effective from | Koha item type |
|---|---|---|---|---|---|---|---|---|---|---|---|---|---|---|---|
| Dewey Decimal Classification | London | London | News article | 19/12/2003 | WB4001-14 | 124658-1001 | 06/08/2019 | 1 | 06/08/2019 | News article |